Antígona
Furkejuvvon:
| Váldodahkki: | |
|---|---|
| Materiálatiipa: | Girji |
| Giella: | espánnjágiella |
| Almmustuhtton: |
Santiago
Universitaria
1994
|
| Preanttus: | 16a. ed |
| Ráidu: | Colección los Clásicos
|
| Fáttát: | |
| Fáddágilkorat: |
Lasit fáddágilkoriid
Eai fáddágilkorat, Lasit vuosttaš fáddágilkora!
|
MARC
| LEADER | 00000nam a2200000 a 4500 | ||
|---|---|---|---|
| 001 | UCT5039 | ||
| 003 | CL-VaPUC | ||
| 008 | 961129e19940000CL |||||||||||||||||spa|d | ||
| 082 | 0 | 4 | |a 882 |b SOF |2 21 |
| 100 | |a Sófocles |e autor |9 269407 | ||
| 245 | 1 | 0 | |a Antígona |
| 250 | |a 16a. ed | ||
| 300 | |a 87 p | ||
| 942 | |c BK | ||
| 945 | |d 19961129 00:00:00 |a rleighto | ||
| 260 | |a Santiago |b Universitaria |c 1994 | ||
| 650 | 0 | |a Tragedia griega |9 265362 | |
| 650 | 7 | |a DRAMAS GRIEGOS |2 CL-VaPUC |9 374274 | |
| 583 | |a last modification |c 19961129 00:00:00 |k Rodrigo Vera | ||
| 490 | 0 | |a Colección los Clásicos | |
| 999 | |c 254064 |d 254062 | ||
| 952 | |0 0 |1 0 |4 0 |6 882_000000000000000_SOF_1994 |7 0 |8 A |9 275432 |a BIBEDU |b BIBEDU |d 2019-11-19 |i 325447K |o 882 SOF 1994 |p 325447K |r 2019-11-19 |w 2019-11-19 |y BK |k LIT | ||
| 952 | |0 0 |1 0 |4 0 |6 882_000000000000000_SOF_1994 |7 0 |8 A |9 275433 |a BIBHIS |b BIBHIS |d 2019-11-19 |i 1364219 |o 882 SOF 1994 |p 1364219 |r 2025-01-20 |w 2019-11-19 |y BK |k HIS | ||